| 000 | 02666nam a22003137a 4500 | ||
|---|---|---|---|
| 001 | 10126 | ||
| 003 | FISKH | ||
| 005 | 20260422142439.0 | ||
| 008 | 260422b cb ||||| |||| 00| 0 eng d | ||
| 020 | _a9789996301148 | ||
| 040 |
_aFISKH _bbin _cFISKH _dFISKH |
||
| 050 | _aPZ7 | ||
| 082 | _a398.2 | ||
| 100 | _aSotheary , Kimsun | ||
| 245 |
_aយក្ខិនីមុខសេះ : _bHorse faced-ogress / _cរៀបរៀងដោយ អ្នកស្រី គឹមស៊ុន សុធារី |
||
| 260 |
_aភ្នំពេញ : _bReading Book , _c2010. |
||
| 300 |
_a20 pages : _bcolor illustrations ; _c25 cm . |
||
| 490 | _aពិភពរឿងនិទាន | ||
| 505 | _aM | ||
| 520 | _aរឿង «យក្ខិនីមុខសេះ» គឺជារឿងនិទានបុរាណខ្មែរ អំពីយក្ខិនី (អារក្សស្រី) ដែលមានមុខដូចសេះ។ នាងមានសមត្ថភាពបំលែងខ្លួនឲ្យមើលទៅដូចមនុស្សស្រីស្រស់ស្អាត ដើម្បីបោកបញ្ឆោតអ្នកដំណើរ ឬបុរសវ័យក្មេង។ ពេលដែលជនរងគ្រោះជឿទុកចិត្ត នាងក៏បង្ហាញរូបរាងពិតរបស់នាង ហើយធ្វើអំពើអាក្រក់ទៅលើពួកគេ។ នៅក្នុងរឿង តែងមានតួអង្គមនុស្សឆ្លាត ឬក្លាហាន ដែលអាចរកឃើញអាថ៌កំបាំងរបស់នាង និងរួចផុតពីគ្រោះថ្នាក់ ឬក៏យកឈ្នះនាងបាន។ | ||
| 520 | _a“Yakkhini Muk Sese” (The Horse-Faced Yakshini) is a traditional Khmer folktale about a terrifying female spirit (yakshini) who has the face of a horse. She is known for disguising herself as a normal woman to trick people, especially travelers or young men. In the story, she uses her beauty or human appearance to gain trust, then reveals her true monstrous form to harm or devour her victims. The tale often follows a brave or clever character who discovers her secret and manages to escape or defeat her. | ||
| 521 | 8 |
_a530
_bLexile estimate |
|
| 521 | 8 |
_aM
_bRaz-Plus |
|
| 650 |
_aយក្ខិនីមុខសេះ _vរឿងនិទានកុមារ |
||
| 650 |
_aHorse faced-ogress _vChildren's Stories |
||
| 700 |
_aSan , Thai _eIllustrator |
||
| 942 |
_2ddc _cBK _n0 |
||
| 999 |
_c10126 _d10126 |
||